| Registos Bibliográficos associados ao registo de autoridade |
|
Etiqueta de registo: 00230nam 2200025 450 001 1722978 003 http://id.bnportugal.gov.pt/bib/catbnp/1722978 010 ## $a978-972-44-1376-1 021 ## $aPT$b265449/07 100 ## $a20090826d2007 m y0pory0103 ba 101 1# $apor$cfre 102 ## $aPT 105 ## $ay z 000yy 106 ## $ar 200 1# $aManual para pais cujos filhos vêem demasiada televisão$fSerge Tisseron$gtrad. Pedro Elói Duarte$grev. José Carlos Abrantes 210 #9 $aLisboa$cEdições 70,$d2007 215 ## $a156, [3] p.$d21 cm 225 2# $a A construção do olhar$v3 304 ## $aTít. orig.: Manuel a l'usage desparents don't les enfants regardent trop la television 675 ## $a316.61-053.2(035)$vBN$zpor$31225218 675 ## $a159.922-053.2(035)$vBN$zpor$31250420 675 ## $a159.95-053.2(035)$vBN$zpor$31378003 675 ## $a7.097-053.2$vBN$zpor$3484535 700 #1 $aTisseron,$bSerge$f1948-$3325059 702 #1 $aDuarte,$bPedro Elói$4730$31011307 702 #1 $aAbrantes,$bJosé Carlos$4675$3164369 801 #0 $aPT$bBN$gRPC 900 ## $aBIBNAC$d20091023 966 ## $lBN$mFGMON$sS.C. 118642 V.$x1 966 ## $lBN$mFGMON$sS.C. 118642 V.-D$x1
Etiqueta de registo: 00230nam 2200025 450 001 1307281 003 http://id.bnportugal.gov.pt/bib/catbnp/1307281 010 ## $a972-43-0754-9 021 ## $aPT$b198380/03 100 ## $a20050105d2004 m y0pory0103 ba 101 1# $apor$cfre 102 ## $aPT 105 ## $ay z 001yy 106 ## $ar 200 1# $a As crianças e a violência nos ecrãs$ea influência da televisão, cinema e jogos de computador nas crianças$fSerge Tisseron$gtrad. Carlos Sousa de Almeida 205 ## $a1ª ed 210 #9 $aPorto$cAmbar,$d2004 215 ## $a175 p.$d23 cm 225 2# $aBiblioteca dos pais 304 ## $aTít. orig.: Enfants sous influence 675 ## $a159.922$vBN$zpor$3353060 675 ## $a654.17$vBN$zpor$3313105 675 ## $a616.89-053.2:659.3$vBN$zpor$31205508 700 #1 $aTisseron,$bSerge$f1948-$3325059 702 #1 $aAlmeida,$bCarlos Sousa de$4730$331282 801 #0 $aPT$bBN$gRPC 900 ## $aBIBNAC$d20130602 966 ## $lBN$mFGMON$sS.A. 109665 V.$x1 966 ## $lBN$mFGMON$sS.A. 109665 V.$x1
Etiqueta de registo: 00861cam 02200253 04500 001 105530 003 http://id.bnportugal.gov.pt/bib/catbnp/105530 005 19981120073000.0 021 ## $aPT$b83956 095 ## $aPTBN00109677 100 ## $a19981120d1987 m y0pory0103 ba 101 1# $apor$cfre 102 ## $aPT 200 1# $aTintin no psicanalista$eensaio sobre a criação gráfica e a encenação dos seus dados na obra de Hergé$fSerge Tisseron$gpref. Didier Anzieu$gtrad. Maria Cristina Cruz 210 #9 $aVenda Nova$cBertrand,$dimp. 1987 215 ## $a184 p.$d23 cm 304 ## $aTít. orig. Tintin chez le psychanalyste 317 ## $aColeção Leandro de Moraes Sarmento$5PTBN: L.M.S. 434 675 ## $a840(493)-311.3 Hergé. 09$vmed$zpor$3325057 675 ## $a840(493)-053.2 .09$vmed$zpor$3325058 700 #1 $aTisseron,$bSerge$f1948-$3325059 702 #1 $aAnzieu,$bDidier,$f1923-$4080$3101459 702 #1 $aCruz,$bMaria Cristina$4730$3193489 801 #0 $aPT$bBN$gRPC 966 ## $lBN$mFGMON$sL. 39252 V. 966 ## $lBN$mFGMON$pBiblioteca particular Leandro de Moraes Sarmento$sL.M.S. 434 $x3 998 ## $aBN020 - 00370
Etiqueta de registo: 00000nam 2200025 450 001 1918645 003 http://id.bnportugal.gov.pt/bib/catbnp/1918645 010 ## $a978-989-616-669-4 021 ## $aPT$b397713/15 100 ## $a20151228d2015 m y0pory01030103ba 101 1# $apor$cfre 102 ## $aPT 105 ## $ay z 000yy 106 ## $ar 200 1# $a3, 6, 9, 12 Computadores, telemóveis e tablets$ecomo crescer e progredir com eles$fSerge Tisseron$gtrad. Isabel Lopes 205 ## $a1ª ed 210 #9 $aLisboa$cGradiva,$d2015 304 ## $aTít. orig.: 3, 6, 9, 12 - Apprivoiser les écrans et grandir 675 ## $a159.922-053.2$vBN$zpor$3598867 675 ## $a316.61-053.2$vBN$zpor$31004166 675 ## $a004.77-053.2$vBN$zpor$31630806 675 ## $a004.73-053.2$vBN$zpor$31630807 700 #1 $aTisseron,$bSerge$f1948-$3325059 702 #1 $96$aLopes,$bIsabel$4730$31630661 801 #0 $aPT$bBN$gRPC 856 41 $uhttp://rnod.bnportugal.gov.pt/ImagesBN/winlibimg.aspx?skey=&doc=1918645&img=70670&save=true 900 ## $aBIBNAC$d20160121 966 ## $lBN$mFGMON$sS.A. 160311 V.$x1 966 ## $lBN$mFGMON$sS.A. 160311 V.-D$x1
Etiqueta de registo: 00254nam 2200025 450 001 2284739 003 http://id.bnportugal.gov.pt/bib/catbnp/2284739 010 ## $a978-2258037533 100 ## $a20260419d2007 m y0pory01030103ba 101 0# $afre 102 ## $aFR 105 ## $aa z 000yy 106 ## $ar 200 1# $aTintin et le secret d'Hergé$fSerge Tisseron 210 #9 $aParis$cHors Collection,$d2007 215 ## $a111, [1] p.$cil.$d24 cm 225 2# $aHors Collection 304 ## $aReimpressão da edição de 1993 com novo ISBN 317 ## $aColeção Leandro de Moraes Sarmento$5PTBN: L.M.S. 428 600 #1 $aHergé,$f1907-1983$xCrítica e interpretação$2SIPOR$31994685 606 ## $aTintin (Personagem de ficção)$xCrítica e interpretação$2SIPOR$31994699 675 ## $a741.5(493)Hergé$vBN$zpor$31996281 700 #1 $aTisseron,$bSerge$f1948-$3325059 801 #0 $aPT$bBN$gRPC 966 ## $lBN$mFGMON$pBiblioteca particular Leandro de Moraes Sarmento$sL.M.S. 428 $x3
Etiqueta de registo: 00254nam 2200025 450 001 2284974 003 http://id.bnportugal.gov.pt/bib/catbnp/2284974 100 ## $a20260421d2010 m y0pory01030103ba 101 0# $afre 102 ## $aFR 105 ## $aa z 000yy 106 ## $ar 200 1# $aTintin au pays des philosophes$fPhilo Éditions 210 #9 $aParis$cPhilo Éditions$d2010 215 ## $a102 p.$cill. color$d28 225 2# $aPhilosophie.$iHors-série$v8$x2104-9246 304 ## $aEdição especial (capa dura) 304 ## $aCoordenação e direção de Sven Ortoli 304 ## $aColaboradores: Michel Serres, Elisabeth de Fontenay, Raphaël Enthoven, Gaëlle Jeanmart,
Léon Vandermeersch, Pierre Pachet, Jean-Marie Apostolidès, Serge Tisseron e Philippe
Descola 317 ## $aColeção Leandro de Moraes Sarmento$5PTBN: L.M.S. 408 330 ## $aExploração das aventuras de Tintim e da obra de Hergé através de conceitos de grandes
filósofos 517 1# $aPhilosophie Magazine. Hors-Sérire$eTintin au pays des philosophes 600 #1 $aHergé,$f1907-1983$xCrítica e interpretação$2SIPOR$31994685 606 ## $aTintin (Personagem de ficção)$xCrítica e interpretação$2SIPOR$31994699 675 ## $a741.5(493)Hergé(048)$vBN$zpor$31994686 702 #1 $aOrtoli,$bSven$4300$3276000 702 #1 $aSerres,$bMichel,$f1930-2019$4205$3110688 702 #1 $aFontenay,$bÉlisabeth de,$f1934-$4205$31996554 702 #1 $aEnthoven,$bRaphaël,$f1975$4205$31996555 702 #1 $aJeanmart,$bGaëlle$4205$31996556 702 #1 $aVandermeersch,$bLéon,$f1928-1921$4205$31172961 702 #1 $aPachet$bPierre,$f1937$4205$31996557 702 #1 $aApostolidès,$bJean-Marie,$f1943-2023$4205$3182044 702 #1 $aTisseron,$bSerge$f1948-$4205$3325059 702 #1 $aDescola,$bPhilippe,$f1949-$4205$31996558 710 02 $aPhilo Éditions$31996559 801 #0 $aPT$bBN$gRPC
966 ## $lBN$mFGMON$pBiblioteca particular Leandro de Moraes Sarmento$sL.M.S. 408 $x3
|
|
|